[Event "Swiss Queens Wed #9"]
[Site "FIDE Online Arena INT"]
[Date "2024.03.27"]
[Round "9"]
[White "Babiy, Olga"]
[Black "Travkina, Anastasia"]
[Result "1-0"]
[WhiteElo "2303"]
[BlackElo "2202"]
[PlyCount "25"]
[EventDate "2024.03.27"]
[EventType "swiss (blitz)"]
[EventRounds "11"]
[EventCountry "NET"]
[SourceTitle "CB14_2024"]
[SourceDate "2024.04.01"]
[SourceVersion "1"]
[SourceVersionDate "2024.04.01"]
[SourceQuality "1"]

1. e4 c5 2. Nf3 d6 3. d4 cxd4 4. Nxd4 Nf6 5. Nc3 g6 6. f4 Bg7 7. e5 Nh5 8. Bb5+ Bd7 9. e6 Bxb5 10. exf7+ Kxf7 11. Ndxb5 Qb6 12. f5 Bd4 13. Qxd4 1-0

[Event "Swiss Queens Wed #9"]
[Site "FIDE Online Arena INT"]
[Date "2024.03.27"]
[Round "10"]
[White "Hernandez Bonilla, Amelia"]
[Black "Babiy, Olga"]
[Result "1-0"]
[WhiteElo "1976"]
[BlackElo "2303"]
[PlyCount "109"]
[EventDate "2024.03.27"]
[EventType "swiss (blitz)"]
[EventRounds "11"]
[EventCountry "NET"]
[SourceTitle "CB14_2024"]
[SourceDate "2024.04.01"]
[SourceVersion "1"]
[SourceVersionDate "2024.04.01"]
[SourceQuality "1"]

1. e4 c5 2. c3 Nf6 3. e5 Nd5 4. d4 e6 5. Nf3 cxd4 6. cxd4 d6 7. Nc3 Nxc3 8. bxc3 Qc7 9. Bd2 Nc6 10. exd6 Bxd6 11. Bd3 b6 12. 0-0 Bb7 13. Qe2 Ne7 14. Ne5 Ng6 15. f4 0-0 16. Rae1 Rad8 17. Qh5 Rfe8 18. Re3 Nf8 19. Bxh7+ Nxh7 20. Rh3 Be4 21. f5 Bxf5 22. Rxf5 exf5 23. Qxh7+ Kf8 24. Qh8+ Ke7 25. Bg5+ Ke6 26. Qxg7 Bxe5 27. dxe5 Rd1+ 28. Kf2 Qc5+ 29. Ke2 Rdd8 30. Bxd8 Qc4+ 31. Rd3 Qxa2+ 32. Ke3 f4+ 33. Kxf4 Qf2+ 34. Ke4 Qe2+ 35. Re3 Qc4+ 36. Kf3 Qf1+ 37. Kg3 Rxd8 38. Qg4+ Ke7 39. Qg5+ Kd7 40. e6+ fxe6 41. Qg7+ Kc6 42. Rxe6+ Kb5 43. Qe5+ Ka6 44. Qe2+ Qxe2 45. Rxe2 Rd3+ 46. Kf4 Rxc3 47. h4 Rc4+ 48. Re4 Rc2 49. g4 Kb5 50. h5 Rh2 51. Kg5 a5 52. h6 a4 53. Kg6 a3 54. Re5+ Kb4 55. Rh5 1-0

[Event "Swiss Queens Wed #5"]
[Site "FIDE Online Arena INT"]
[Date "2024.02.28"]
[Round "7"]
[White "Babiy, Olga"]
[Black "Ovezdurdiyeva, Jemal"]
[Result "1-0"]
[WhiteElo "2303"]
[BlackElo "2057"]
[PlyCount "49"]
[EventDate "2024.02.28"]
[EventType "swiss (blitz)"]
[EventRounds "11"]
[EventCountry "NET"]
[SourceTitle "CB10_2024"]
[SourceDate "2024.03.06"]
[SourceVersion "1"]
[SourceVersionDate "2024.03.06"]
[SourceQuality "1"]

1. d4 Nf6 2. Nf3 b6 3. Bf4 Bb7 4. Nbd2 e6 5. e3 Be7 6. Bd3 0-0 7. Qe2 c5 8. e4 Nc6 9. c3 d6 10. Bg5 Rc8 11. a3 Nd7 12. Bxe7 Qxe7 13. 0-0 e5 14. dxc5 dxc5 15. a4 Nf6 16. Nc4 Nh5 17. g3 Rcd8 18. Rfd1 Bc8 19. Ne3 Be6 20. Bb5 Bd7 21. Nd5 Qe6 22. Ng5 Qg6 23. h4 h6 24. Bxc6 hxg5 25. Ne7+ 1-0

[Event "Swiss Queens Wed #5"]
[Site "FIDE Online Arena INT"]
[Date "2024.02.28"]
[Round "4"]
[White "Kosteniuk, Alexandra"]
[Black "Babiy, Olga"]
[Result "1-0"]
[WhiteElo "2501"]
[BlackElo "2303"]
[PlyCount "89"]
[EventDate "2024.02.28"]
[EventType "swiss (blitz)"]
[EventRounds "11"]
[EventCountry "NET"]
[SourceTitle "CB10_2024"]
[SourceDate "2024.03.06"]
[SourceVersion "1"]
[SourceVersionDate "2024.03.06"]
[SourceQuality "1"]

1. e4 c5 2. d4 cxd4 3. Qxd4 d6 4. Nc3 a6 5. Nf3 Nc6 6. Qd3 Nf6 7. Be2 Bg4 8. 0-0 e6 9. Rd1 Qc7 10. Bf4 Rd8 11. h3 Bxf3 12. Qxf3 Be7 13. Qg3 0-0 14. Rd2 b5 15. a3 Rd7 16. Rad1 Rfd8 17. h4 Qb6 18. h5 b4 19. Bh6 Ne8 20. axb4 Qxb4 21. Bxg7 Nxg7 22. h6 Bf8 23. Bxa6 Ne5 24. hxg7 Bxg7 25. b3 Ng6 26. Ne2 Qxe4 27. Bd3 Qb4 28. Bxg6 hxg6 29. c4 Be5 30. Qh3 Rb7 31. Rd3 Qa3 32. Qh4 Rdb8 33. f4 Bg7 34. Rxd6 Bf8 35. Rd8 Qxb3 36. Kh2 Qxc4 37. Ng3 Rb4 38. Nh5 Qe2 39. Nf6+ Kg7 40. Ne8+ Kg8 41. Rxb8 Rxb8 42. Rd7 Qh5 43. Nf6+ Kg7 44. Nxh5+ gxh5 45. Qg5+ 1-0

[Event "Swiss Queens Wed #4"]
[Site "FIDE Online Arena INT"]
[Date "2024.02.21"]
[Round "1"]
[White "Tripurambika, V."]
[Black "Babiy, Olga"]
[Result "0-1"]
[WhiteElo "1329"]
[BlackElo "2303"]
[PlyCount "48"]
[EventDate "2024.02.21"]
[EventType "swiss (blitz)"]
[EventRounds "11"]
[EventCountry "NET"]
[SourceTitle "CB09_2024"]
[SourceDate "2024.02.28"]
[SourceVersion "1"]
[SourceVersionDate "2024.02.28"]
[SourceQuality "1"]

1. d4 d5 2. Nc3 Nf6 3. Bf4 c5 4. e3 cxd4 5. exd4 a6 6. Nf3 Nc6 7. Bd3 Bg4 8. Be2 e6 9. h3 Bh5 10. Ne5 Bg6 11. Nxg6 hxg6 12. a3 Qb6 13. Be3 Rc8 14. Na4 Qa5+ 15. c3 Bd6 16. b4 Qc7 17. Rb1 Ne4 18. Qc2 Bf4 19. Bxf4 Qxf4 20. Bf3 Nxd4 21. Qd3 Nxf3+ 22. Qxf3 Qd2+ 23. Kf1 Qc2 24. Qd1 Qxf2# 0-1

[Event "Swiss Queens Wed #2"]
[Site "FIDE Online Arena INT"]
[Date "2024.02.07"]
[Round "6"]
[White "Shubenkova, Veronika"]
[Black "Babiy, Olga"]
[Result "1-0"]
[WhiteElo "2007"]
[BlackElo "2303"]
[PlyCount "127"]
[EventDate "2024.02.07"]
[EventType "swiss (blitz)"]
[EventRounds "11"]
[EventCountry "NET"]
[SourceTitle "CB07_2024"]
[SourceDate "2024.02.14"]
[SourceVersion "1"]
[SourceVersionDate "2024.02.14"]
[SourceQuality "1"]

1. d4 d5 2. e3 Nf6 3. f4 g6 4. Nf3 Bg7 5. c3 0-0 6. Bd3 c5 7. Nbd2 Qc7 8. Ne5 Nc6 9. 0-0 Nd7 10. Nxc6 Qxc6 11. f5 Nf6 12. Qf3 e6 13. fxg6 hxg6 14. Qg3 Nh5 15. Qh4 e5 16. dxe5 Bxe5 17. Nf3 Bf6 18. Qf2 Bd7 19. h3 Bg7 20. Ng5 Bf6 21. Nf3 Rae8 22. g4 Ng7 23. Bd2 Qb6 24. Rab1 Bd8 25. c4 d4 26. exd4 cxd4 27. b4 Ne6 28. c5 Qc7 29. Bh6 Bc6 30. Bxf8 Rxf8 31. Rbe1 Nf4 32. Qxd4 Nxh3+ 33. Kg2 Ng5 34. Re3 Nxf3 35. Rexf3 Bxf3+ 36. Rxf3 Qc6 37. Be4 Qe6 38. Bd5 Qe2+ 39. Rf2 Qe7 40. Qd3 Kg7 41. Qd4+ f6 42. Bc4 Qc7 43. Re2 Qc6+ 44. Bd5 Qd7 45. Qc4 Bc7 46. a4 Be5 47. b5 Rd8 48. Bf3 Qd4 49. Qxd4 Rxd4 50. Rc2 Rxa4 51. Bxb7 Rb4 52. c6 Rxb5 53. Ba6 Rb4 54. c7 Bxc7 55. Rxc7+ Kh6 56. Kf3 Rb3+ 57. Kf2 Rb4 58. Be2 Ra4 59. Rb7 a5 60. Bf3 Kg5 61. Kg3 Ra3 62. Rb5+ Kh6 63. Rb6 Kg5 64. Kg2 1-0

[Event "BL 2223 (Women)"]
[Site "Germany"]
[Date "2023.04.29"]
[Round "9.1"]
[White "Reuter, Elisa"]
[Black "Babiy, Olga"]
[Result "0-1"]
[WhiteElo "1924"]
[BlackElo "2299"]
[PlyCount "84"]
[EventDate "2022.10.15"]
[EventType "team-tourn"]
[EventRounds "11"]
[EventCountry "GER"]
[SourceTitle "EXT 2024"]
[Source "ChessBase"]
[SourceDate "2023.10.10"]
[SourceVersion "1"]
[SourceVersionDate "2023.10.10"]
[SourceQuality "1"]
[WhiteTeam "Erfurt Medizin (W)"]
[BlackTeam "Bad Koenigshofen (W)"]
[WhiteTeamCountry "GER"]
[BlackTeamCountry "GER"]

1. e4 c5 2. Nf3 d6 3. d4 cxd4 4. Nxd4 Nf6 5. Nc3 a6 6. Be2 Nbd7 7. Nb3 g6 8. Be3 Bg7 9. 0-0 0-0 10. f4 b5 11. a3 Bb7 12. Bf3 Qc7 13. Qe2 e5 14. g3 Rfe8 15. Qg2 Rac8 16. Rad1 exf4 17. gxf4 Qb8 18. Rfe1 Rxc3 19. bxc3 Bxe4 20. Bd4 d5 21. Be3 Bh6 22. Nd2 Bxc2 23. Rc1 Be4 24. Bxe4 dxe4 25. Rcd1 Qc7 26. Qh3 Bxf4 27. Bxf4 Qxf4 28. Qg3 Qf5 29. Nb3 Nh5 30. Qf2 Nf4 31. Kh1 Nf6 32. Nd4 Qe5 33. Rf1 g5 34. Ne2 N6d5 35. Nxf4 Nxf4 36. Qd4 e3 37. Qxe5 Rxe5 38. Rfe1 e2 39. Rd2 Re3 40. Rc2 Rd3 41. Rexe2 Nxe2 42. Rxe2 Rxc3 0-1

[Event "EU-ch (Women) 22nd"]
[Site "Prague"]
[Date "2022.08.30"]
[Round "10"]
[White "Dzagnidze, Nana"]
[Black "Babiy, Olga"]
[Result "1-0"]
[WhiteElo "2531"]
[BlackElo "2296"]
[PlyCount "85"]
[EventDate "2022.08.20"]
[EventType "swiss"]
[EventRounds "11"]
[EventCountry "CZE"]
[SourceTitle "CBM 209 Extra"]
[Source "ChessBase"]
[SourceDate "2022.09.30"]
[SourceVersion "1"]
[SourceVersionDate "2022.09.30"]
[SourceQuality "1"]

1. e4 c5 2. Nf3 e6 3. c3 Nf6 4. e5 Nd5 5. d4 cxd4 6. cxd4 d6 7. Bc4 Be7 8. 0-0 0-0 9. Qe2 b6 10. Nbd2 a5 11. Ne4 dxe5 12. dxe5 h6 13. Rd1 Ba6 14. b3 Qc7 15. Bb2 Rd8 16. g3 b5 17. Bxd5 Rxd5 18. Rxd5 exd5 19. Rc1 Nc6 20. Nf6+ Bxf6 21. exf6 Qd6 22. fxg7 d4 23. Qe4 Bb7 24. Nxd4 Nxd4 25. Qxb7 Rd8 26. Kg2 Rd7 27. Qa8+ Rd8 28. Rc8 Ne6 29. Rxd8+ Nxd8 30. Qxa5 Qc6+ 31. Kg1 Ne6 32. Qd2 Qe4 33. h4 Kh7 34. Qc3 Qg4 35. Qd3+ f5 36. Qxb5 Qd1+ 37. Qf1 Qc2 38. Qc1 Qe4 39. Qe3 Qb1+ 40. Qc1 Qe4 41. Qc3 f4 42. Qe5 Qb1+ 43. Kg2 1-0

[Event "EU-ch (Women) 22nd"]
[Site "Prague"]
[Date "2022.08.25"]
[Round "6"]
[White "Salimova, Nurgyul"]
[Black "Babiy, Olga"]
[Result "0-1"]
[WhiteElo "2404"]
[BlackElo "2296"]
[PlyCount "96"]
[EventDate "2022.08.20"]
[EventType "swiss"]
[EventRounds "11"]
[EventCountry "CZE"]
[SourceTitle "CBM 209 Extra"]
[Source "ChessBase"]
[SourceDate "2022.09.30"]
[SourceVersion "1"]
[SourceVersionDate "2022.09.30"]
[SourceQuality "1"]

1. e4 c5 2. Nf3 d6 3. d4 cxd4 4. Nxd4 Nf6 5. Nc3 a6 6. Bg5 e6 7. f4 Nbd7 8. Qf3 Qc7 9. 0-0-0 b5 10. Bd3 Bb7 11. Rhe1 Be7 12. Qh3 0-0-0 13. f5 e5 14. Nb3 Kb8 15. Kb1 b4 16. Bxf6 Nxf6 17. Nd5 Nxd5 18. exd5 Bxd5 19. Qg4 a5 20. Be4 h5 21. Qf3 Bc4 22. Bd5 Rc8 23. Bxc4 Qxc4 24. Nxa5 Qxc2+ 25. Ka1 Rc7 26. Nb3 Rhc8 27. Qd5 Qc4 28. Kb1 h4 29. Qxc4 Rxc4 30. Rd5 R8c7 31. Nd2 Rg4 32. Re2 Kb7 33. b3 Rc5 34. Rd3 Rf4 35. Ne4 Rf1+ 36. Kb2 Rc6 37. Rf3 Rd1 38. f6 gxf6 39. Nxf6 d5 40. Ng4 Bg5 41. Rxf7+ Ka6 42. a4 e4 43. Rff2 Rcc1 44. Rf5 Rb1+ 45. Ka2 Ra1+ 46. Kb2 Rdb1+ 47. Kc2 Bc1 48. Kd1 Be3+ 0-1

[Event "EU-ch (Women) 22nd"]
[Site "Prague"]
[Date "2022.08.23"]
[Round "4"]
[White "Lomaia, Diana"]
[Black "Babiy, Olga"]
[Result "1/2-1/2"]
[WhiteElo "1955"]
[BlackElo "2296"]
[PlyCount "100"]
[EventDate "2022.08.20"]
[EventType "swiss"]
[EventRounds "11"]
[EventCountry "CZE"]
[SourceTitle "CBM 209 Extra"]
[Source "ChessBase"]
[SourceDate "2022.09.30"]
[SourceVersion "1"]
[SourceVersionDate "2022.09.30"]
[SourceQuality "1"]

1. d4 d5 2. c4 dxc4 3. Nf3 Nf6 4. e3 e6 5. Bxc4 a6 6. 0-0 c5 7. dxc5 Bxc5 8. Qxd8+ Kxd8 9. b3 Nbd7 10. Bb2 b6 11. Nc3 Bb7 12. Rfd1 b5 13. Bf1 Ke7 14. Ne2 Rhc8 15. Rac1 g6 16. Nf4 Ne4 17. Nd3 Bd6 18. Nfe5 Nxe5 19. Nxe5 f6 20. Nd3 e5 21. f3 Ng5 22. f4 Nf7 23. fxe5 fxe5 24. Be2 Rxc1 25. Rxc1 Rd8 26. Bc3 Rc8 27. Bd2 e4 28. Rxc8 Bxc8 29. Nb4 Bc5 30. a4 Nd6 31. axb5 axb5 32. Nd5+ Kf7 33. Kf2 Be6 34. Nc7 Bxb3 35. Nxb5 Nc4 36. Bxc4+ Bxc4 37. Nc3 Bd3 38. Nd5 Bc4 39. Nf4 g5 40. Nh5 Kg6 41. g4 Bd6 42. h3 Be5 43. Bb4 Bf7 44. Bc5 Kh6 45. Bf8+ Kg6 46. Be7 Kh6 47. Ng3 Bxg3+ 48. Kxg3 Kg6 49. h4 gxh4+ 50. Kxh4 Bc4 1/2-1/2

[Event "EU-ch (Women) 22nd"]
[Site "Prague"]
[Date "2022.08.22"]
[Round "3"]
[White "Babiy, Olga"]
[Black "Dwilewicz, Katarzyna"]
[Result "1-0"]
[WhiteElo "2296"]
[BlackElo "2131"]
[PlyCount "89"]
[EventDate "2022.08.20"]
[EventType "swiss"]
[EventRounds "11"]
[EventCountry "CZE"]
[SourceTitle "CBM 209 Extra"]
[Source "ChessBase"]
[SourceDate "2022.09.30"]
[SourceVersion "1"]
[SourceVersionDate "2022.09.30"]
[SourceQuality "1"]

1. d4 Nf6 2. Nf3 e6 3. Bg5 h6 4. Bh4 d6 5. Nbd2 g5 6. Bg3 Nh5 7. e4 Bg7 8. c3 Qe7 9. Bd3 Nc6 10. Qe2 Bd7 11. 0-0 Nxg3 12. fxg3 a5 13. Nc4 0-0 14. e5 d5 15. Ne3 f5 16. exf6 Bxf6 17. Ng4 Qg7 18. Bb5 Kh8 19. Rae1 Rae8 20. Qd3 Re7 21. Nfe5 Bxe5 22. Rxf8+ Qxf8 23. Bxc6 Bxc6 24. Nxe5 Be8 25. Rf1 Qg7 26. Qe2 Kh7 27. b3 b6 28. b4 axb4 29. cxb4 Bg6 30. a4 Be4 31. Qb5 h5 32. a5 bxa5 33. bxa5 Kh6 34. Qc6 Qh8 35. a6 Qb8 36. Qb7 Re8 37. Nc6 Qa8 38. Rf6+ Kg7 39. Rf2 Qc8 40. Qxc8 Rxc8 41. a7 Ra8 42. Rb2 e5 43. Rb8 exd4 44. Rxa8 d3 45. Rg8+ 1-0

[Event "EU-ch (Women) 22nd"]
[Site "Prague"]
[Date "2022.08.21"]
[Round "2"]
[White "Vanduyfhuys, Daria"]
[Black "Babiy, Olga"]
[Result "0-1"]
[WhiteElo "2054"]
[BlackElo "2296"]
[PlyCount "120"]
[EventDate "2022.08.20"]
[EventType "swiss"]
[EventRounds "11"]
[EventCountry "CZE"]
[SourceTitle "CBM 209 Extra"]
[Source "ChessBase"]
[SourceDate "2022.09.30"]
[SourceVersion "1"]
[SourceVersionDate "2022.09.30"]
[SourceQuality "1"]

1. d4 Nf6 2. c4 e6 3. Nf3 b6 4. g3 Ba6 5. b3 Bb4+ 6. Bd2 Be7 7. Bg2 c6 8. 0-0 d5 9. Qc2 Nbd7 10. Bf4 Rc8 11. Nbd2 c5 12. dxc5 Rxc5 13. Rac1 dxc4 14. b4 Rc8 15. Qa4 Bb7 16. Nxc4 0-0 17. Nd6 Bxd6 18. Bxd6 Re8 19. Rfd1 Bd5 20. Ne1 Bxg2 21. Nxg2 Ne4 22. Bf4 Rxc1 23. Rxc1 e5 24. Be3 Nf8 25. Qxa7 Nc3 26. Kf1 Nd5 27. Rd1 Re6 28. b5 Rd6 29. Rc1 Qe8 30. Qa4 Qd7 31. Qc4 Qh3 32. Kg1 Nf6 33. f3 Qd7 34. Qb3 e4 35. a4 exf3 36. exf3 Qf5 37. Ne1 Nd5 38. Bf2 Rd7 39. Qc2 Qf6 40. Qc6 Rd6 41. Qc4 Qb2 42. Qc2 Qa3 43. Rb1 Rd7 44. Qb3 Qd6 45. Rc1 Ne6 46. Rc6 Qb8 47. Qc4 Rd8 48. Nc2 h6 49. Nb4 Nxb4 50. Qxb4 Ng5 51. Kg2 Qe5 52. h4 Nxf3 53. Qf4 Ne1+ 54. Kf1 Qd5 55. Bxe1 Qh1+ 56. Kf2 Qh2+ 57. Ke3 Re8+ 58. Kd3 Qe2+ 59. Kc3 Re3+ 60. Kd4 Qd3# 0-1

[Event "Speed Chess (Women) Q2"]
[Site "Chess.com INT"]
[Date "2022.05.26"]
[Round "12"]
[White "Babiy, Olga"]
[Black "Avramidou, Anastasia"]
[Result "0-1"]
[WhiteElo "2296"]
[BlackElo "2274"]
[PlyCount "116"]
[EventDate "2022.05.26"]
[EventType "swiss (blitz)"]
[EventRounds "14"]
[EventCountry "USA"]
[SourceTitle "CBM 208 Extra"]
[Source "ChessBase"]
[SourceDate "2022.07.31"]
[SourceVersion "1"]
[SourceVersionDate "2022.07.31"]
[SourceQuality "1"]

1. d4 Nf6 2. Nf3 g6 3. Nbd2 Bg7 4. e4 d5 5. e5 Ne4 6. Nxe4 dxe4 7. Ng5 c5 8. Bb5+ Nc6 9. d5 Qa5+ 10. c3 Qxb5 11. dxc6 Qxc6 12. Qe2 Bf5 13. g4 Be6 14. Bf4 e3 15. 0-0-0 0-0 16. Qxe3 Bxa2 17. f3 Bb3 18. Ne4 Bxd1 19. Rxd1 b6 20. Qf2 Rad8 21. Re1 Rd5 22. Ng5 h6 23. Ne4 g5 24. Bg3 Rfd8 25. h4 Qg6 26. hxg5 hxg5 27. Qe3 Bxe5 28. Bxe5 Rxe5 29. Qg1 f6 30. Qh2 Qh7 31. Rh1 Qxh2 32. Rxh2 Kg7 33. Re2 Re6 34. Re1 Re5 35. Rg1 Red5 36. Rg2 R5d7 37. Kc2 Kg6 38. Re2 e6 39. c4 Rd4 40. b3 f5 41. gxf5+ exf5 42. Nc3 R4d6 43. Nb5 R6d7 44. Re6+ Kh5 45. Re5 f4 46. Nc3 Kh4 47. Ne4 Rg7 48. Re6 Kh3 49. Rh6+ Kg2 50. Nd2 Rxd2+ 51. Kxd2 Kxf3 52. Rh3+ Kg2 53. Rh8 g4 54. Rf8 f3 55. Re8 f2 56. Re2 Kg1 57. Ke3 f1Q 58. Rd2 Qf3# 0-1

[Event "Speed Chess (Women) Q2"]
[Site "Chess.com INT"]
[Date "2022.05.26"]
[Round "10"]
[White "Bivol, Alina"]
[Black "Babiy, Olga"]
[Result "1-0"]
[WhiteElo "2370"]
[BlackElo "2296"]
[PlyCount "99"]
[EventDate "2022.05.26"]
[EventType "swiss (blitz)"]
[EventRounds "14"]
[EventCountry "USA"]
[SourceTitle "CBM 208 Extra"]
[Source "ChessBase"]
[SourceDate "2022.07.31"]
[SourceVersion "1"]
[SourceVersionDate "2022.07.31"]
[SourceQuality "1"]

1. e4 c5 2. Nf3 d6 3. Bb5+ Bd7 4. Bxd7+ Nxd7 5. 0-0 Ngf6 6. Re1 e5 7. c3 Be7 8. d4 0-0 9. Na3 Re8 10. Bg5 h6 11. Bxf6 Bxf6 12. dxc5 Nxc5 13. Nc4 Re6 14. Qd5 Rc8 15. Rad1 Be7 16. Rd2 b5 17. Ne3 Qb6 18. Red1 g6 19. Ne1 Bg5 20. N1c2 Na4 21. Qb3 Nc5 22. Qd5 Na4 23. Rb1 a6 24. g3 Qc7 25. h4 Bxe3 26. Nxe3 Nb6 27. Qd3 Nc4 28. Nxc4 Qxc4 29. Qxc4 Rxc4 30. f3 Kf8 31. Rd3 Ke7 32. Kf2 f5 33. Ke3 Rf6 34. b3 Rc8 35. exf5 gxf5 36. a4 Rg8 37. Kf2 Rfg6 38. Rg1 Rc8 39. axb5 axb5 40. Ra1 Rc7 41. Ra6 h5 42. Rb6 Rc5 43. Rb7+ Ke6 44. Rb6 Kd7 45. b4 Rc8 46. Rxb5 Rcg8 47. Rxe5 Rxg3 48. Rxf5 Rg2+ 49. Ke3 Re8+ 50. Kf4 1-0

[Event "Speed Chess (Women) Q2"]
[Site "Chess.com INT"]
[Date "2022.05.26"]
[Round "7"]
[White "Danielian, Elina"]
[Black "Babiy, Olga"]
[Result "1-0"]
[WhiteElo "2441"]
[BlackElo "2296"]
[PlyCount "65"]
[EventDate "2022.05.26"]
[EventType "swiss (blitz)"]
[EventRounds "14"]
[EventCountry "USA"]
[SourceTitle "CBM 208 Extra"]
[Source "ChessBase"]
[SourceDate "2022.07.31"]
[SourceVersion "1"]
[SourceVersionDate "2022.07.31"]
[SourceQuality "1"]

1. d4 Nf6 2. Bg5 Ne4 3. Bf4 c5 4. f3 Nf6 5. d5 d6 6. e4 Qb6 7. Nc3 g6 8. Qd2 Bg7 9. Nge2 Nbd7 10. a4 Nh5 11. Be3 Ne5 12. b3 Qb4 13. a5 Bd7 14. Ra2 f5 15. exf5 gxf5 16. Na4 Qh4+ 17. Bf2 Qf6 18. Nb2 Rg8 19. Nd3 Nxd3+ 20. Qxd3 a6 21. g3 Qf7 22. Bg2 f4 23. g4 Nf6 24. c4 h5 25. g5 Ng4 26. fxg4 hxg4 27. Be4 0-0-0 28. Nc3 Qh5 29. Rb2 Rdf8 30. b4 cxb4 31. Rxb4 Kb8 32. c5 Bc8 33. c6 1-0

[Event "Speed Chess (Women) Q2"]
[Site "Chess.com INT"]
[Date "2022.05.26"]
[Round "14"]
[White "Shvedova, Alexandra"]
[Black "Babiy, Olga"]
[Result "0-1"]
[WhiteElo "2040"]
[BlackElo "2296"]
[PlyCount "76"]
[EventDate "2022.05.26"]
[EventType "swiss (blitz)"]
[EventRounds "14"]
[EventCountry "USA"]
[SourceTitle "CBM 208 Extra"]
[Source "ChessBase"]
[SourceDate "2022.07.31"]
[SourceVersion "1"]
[SourceVersionDate "2022.07.31"]
[SourceQuality "1"]

1. e4 c5 2. Ne2 d6 3. g3 Nf6 4. Bg2 Nc6 5. c3 e5 6. 0-0 Be7 7. d4 0-0 8. h3 Re8 9. Be3 exd4 10. cxd4 Bf8 11. Nbc3 Qb6 12. Qd2 Qa5 13. g4 cxd4 14. Nxd4 Nxd4 15. Bxd4 Nd7 16. Rad1 Ne5 17. b3 Be6 18. f4 Nc6 19. Bf2 f6 20. Rc1 Rac8 21. Rfd1 h5 22. Bf3 hxg4 23. hxg4 Bf7 24. Kg2 Nb4 25. Rh1 Qa6 26. Be2 Qa5 27. Qe3 g6 28. Qh3 Bg7 29. Bd4 Nxa2 30. g5 Nxc3 31. Qh7+ Kf8 32. Qxg7+ Kxg7 33. Bxf6+ Kf8 34. Rh8+ Bg8 35. Bc4 Rxc4 36. bxc4 Qa2+ 37. Kh1 Nxe4 38. Ra1 Qf2 0-1